Music Quiz

Random Music or Song Quiz

Have an 'Eye' for Music? Quiz Stats

Quiz Updated Jul 15, 2013

Challenge
Share
Tweet
Embed
Score 0/30 Timer 09:00
2 Plays Today
Clue Answer % Correct
In 2003 they asked, 'Where Is the Love?'Black Eyed Peas
82.3%
Survivor's first Top 10 hit in the U.S.Eye of the Tiger
66.7%
Van Morrison's first Top 10 hit in the U.S.Brown-Eyed Girl
60.8%
In 1997 they lived a 'Semi-Charmed Life'Third Eye Blind
56.8%
Stage name of TLC's Lisa LopesLeft Eye
49.5%
The Who song later covered by Limp BizkitBehind Blue Eyes
39.6%
His first Top 10 U.S. hit was 1997's 'Save Tonight'Eagle-Eye Cherry
34.6%
1981 #1 U.S. hit for Kim CarnesBette Davis Eyes
32.4%
Peter Gabriel hit featured in the movie 'Say Anything...'In Your Eyes
31.9%
Hall and Oates #1 U.S. hit, and the title track from their 1981 albumPrivate Eyes
24.9%
Top 5 U.S. hit by Eric Carmen featured in the movie 'Dirty Dancing'Hungry Eyes
23.9%
Third single and Top 10 hit from Kelly Clarkson's 2004 album 'Breakaway'Behind These Hazel Eyes
23.5%
Top 5 U.S. hit from The Eagles' album 'One of These Nights'Lyin' Eyes
20.8%
Billy Idol's first Top 10 hit in the U.S.Eyes Without a Face
18.9%
A song by Art Garfunkel, or a band featuring Conor OberstBright Eyes
18.7%
Clue Answer % Correct
The Guess Who's first Top 10 hit in the U.S.These Eyes
17.6%
The Alan Parsons Project's first (and only) Top 10 hit in the U.S.Eye in the Sky
16.7%
Silversun Pickups hit featured in the game Rock Band 2Lazy Eye
16.5%
Crosby, Stills and Nash song featuring Spanish lyrics in its fourth and final sectionSuite: Judy Blue Eyes
13.7%
Title track from the 2Pac album also containing 'California Love'All Eyez on Me
11.3%
Jackson Browne's first Top 10 hit in the U.S.Doctor My Eyes
11.2%
1998 Eric Clapton single and Grammy winner for Best Male Pop Vocal PerformanceMy Father's Eyes
10.3%
Sugarloaf's first Top 10 hit in the U.S.Green-Eyed Lady
8.7%
1969 Velvet Underground song later covered by R.E.M.Pale Blue Eyes
4.6%
Jethro Tull song later covered by Iron MaidenCross-Eyed Mary
4.1%
Frankie Valli's first solo Top 10 hit in the U.S. (he'd had plenty beforehand as singer of The Four Seasons)Can't Take My Eyes Off You
4.1%
Top 25 hit in 1971 for The Moody BluesThe Story in Your Eyes
3.6%
Single from Loggins and Messina's 1972 self-titled album; the album version is just under 8 minutes longAngry Eyes
3.1%
Fourth single from Depeche Mode's album 'Violator'World in My Eyes
3%
1968 single by The Nazz from their self-titled debut albumOpen My Eyes
1.3%

You're not logged in!

Compare scores with friends on all Sporcle quizzes.
Join for Free
OR
Log In

You Might Also Like...

Show Comments

Extras

Top Quizzes Today


Score Distribution

Your Account Isn't Verified!

In order to create a playlist on Sporcle, you need to verify the email address you used during registration. Go to your Sporcle Settings to finish the process.

Report this User

Report this user for behavior that violates our Community Guidelines.

Details: